[Event "Sables d'Olonne op 6th"]
[Site "Sables d'Olonne"]
[Date "2019.07.18"]
[Round "8"]
[White "Wlodarczyk, Cyril"]
[Black "Boulos, Jean"]
[Result "0-1"]
[WhiteElo "2098"]
[BlackElo "1860"]
[PlyCount "118"]
[EventDate "2019.07.13"]
[EventType "swiss"]
[EventRounds "9"]
[EventCountry "FRA"]
[SourceTitle "EXT 2020"]
[Source "ChessBase"]
[SourceDate "2019.10.17"]
[SourceVersion "1"]
[SourceVersionDate "2019.10.17"]
[SourceQuality "1"]

1. e4 c5 2. Nf3 e6 3. b3 Nc6 4. Bb2 d6 5. d4 cxd4 6. Nxd4 Nf6 7. Nc3 Be7 8. Be2 0-0 9. Qd2 a6 10. 0-0-0 Nxd4 11. Qxd4 b5 12. e5 dxe5 13. Qxe5 Qb6 14. Bf3 Qb8 15. Ne4 Bb7 16. Qxb8 Raxb8 17. Nxf6+ Bxf6 18. Bxb7 Bxb2+ 19. Kxb2 Rxb7 20. Rd6 a5 21. Rhd1 g5 22. Rc6 Ra8 23. c4 bxc4 24. Rxc4 Kf8 25. Rd3 Kg7 26. a3 Rb5 27. Rc7 Rab8 28. Rf3 Rf8 29. Kc3 Kg6 30. Kc4 Rbb8 31. Rc5 Ra8 32. Kb5 Rfd8 33. Rfc3 Rd4 34. Rc2 Rd3 35. R5c3 Rdd8 36. b4 Rdb8+ 37. Kc4 axb4 38. axb4 Kf6 39. Rb2 h5 40. b5 Ke5 41. Rd3 Rc8+ 42. Kb4 Rab8 43. Re3+ Kd6 44. Rd2+ Ke7 45. Ra3 Rb7 46. Ra6 Rc1 47. Rb2 Kd7 48. Ra8 Ke7 49. Rg8 Kf6 50. Rd8 Ke7 51. Rd4 Rc8 52. Re4 Rxb5+ 53. Kxb5 Rb8+ 54. Kc4 Rxb2 55. Re3 Rxf2 56. Rg3 g4 57. h3 f5 58. hxg4 hxg4 59. Kd4 Kf6 0-1